000
00247 a2200109 4500
001
71093
040
_c
Anchieta - Colégio São Paulo
240
1
0
_a
Sarau intercultural 2010
_l
245
1
0
_a
Sarau intercultural 2010
650
4
_a
Música
942
_c
MX
999
_c
71093
_d
71093